| 000 | 00737nam a2200229Ia 4500 | ||
|---|---|---|---|
| 005 | 20260430150803.0 | ||
| 008 | 008 250103s9999 xx 000 0 hin d | ||
| 037 | _aTheses | ||
| 040 | _aCRL | ||
| 040 | _bhin | ||
| 040 | _chin | ||
| 041 | _2hin | ||
| 041 | _ahin | ||
| 084 | _qCRL | ||
| 100 |
_aअनुराग सिंह, ले. _9868809 |
||
| 245 | 0 | _aमध्यकालीन हिन्दी साहित्य की आधुनिकता और लोेकजागरण | |
| 260 | _c2023 | ||
| 300 | _a291पृ0 | ||
| 700 | _aदिल्ली विश्वविद्यालय. कला संकाय. हिन्दी विभाग | ||
| 942 | _cTH | ||
| 999 |
_c1850771 _d1850771 |
||